000
00205 a2200097 4500
001
47568
100
_a
Ffoulkes
245
_a
Arms armament
260
_a
London
_b
George G harrap
_c
090
_c
30582
_d
30582
942
_a
NUST-CAE
_c
M
_c
22872
999
_c
282641
_d
282641